000 00816nas a2200265 4500
001 BR9605402
003 BR-BrBNA
005 20231205095353.0
007 ta
008 230509b bl.|||p| |||| 00| 00por d
040 _aBR-BrBNA
_bpor
_cBiblioteca Nacional de Agricultura
041 _a(Pt)
072 _aL73; L53
100 1 _aLilenbaum, W.
100 1 _aSantos, M.R.C. dos
100 1 _aBarbosa, A.V.
245 1 _aLeptospirose em reproducao animal: 2. Bovinos do Estado do Rio de Janeiro, Brasil
650 _aVaca
650 _aLeptospirose
650 _aReproducao Animal
650 _aRio de Janeiro
773 0 _tRevista Brasileira de Ciencia Veterinaria (Brazil)
_xISSN 1413-0130
_g(Jan-Apr 1995), v. 2(1) p. 1-6
_wBR9605402
909 _a202311
_bLúcia
_c55
_dLúcia Elande
942 _2AGRIS
_n0
_cANA
999 _c150283
_d150283